Southville International School and Colleges
Your cart is empty.
  • Cart
  • Lists
    Public lists Eva Luna New books Lux_list list_1
    Your lists Log in to create your own lists
  • Log in to your account
  • Your cookies
  • Search history
Southville International School and Colleges
  • Advanced search
  • Recent comments
  • Most popular
  • Libraries

Log in to your account

Log in with GOOGLE


If you do not have an external account, but do have a local account, you can still log in:

  1. Home
  2. MARC view: Educational psychology /
Normal view MARC view ISBD view

Educational psychology / (Record no. 290439)

[ view plain ]
MARC details
000 -LEADER
fixed length control field 01002cam a2200301 a 4500
001 - CONTROL NUMBER
control field 16524158
003 - CONTROL NUMBER IDENTIFIER
control field PILC
005 - DATE AND TIME OF LATEST TRANSACTION
control field 20160119082823.0
008 - FIXED-LENGTH DATA ELEMENTS--GENERAL INFORMATION
fixed length control field 101029s2011 nyua b 001 0 eng
010 ## - LIBRARY OF CONGRESS CONTROL NUMBER
LC control number 2010045901
020 ## - INTERNATIONAL STANDARD BOOK NUMBER
International Standard Book Number 9781259010248
035 ## - SYSTEM CONTROL NUMBER
System control number (OCoLC)ocn320803694
040 ## - CATALOGING SOURCE
Original cataloging agency DLC
Transcribing agency DLC
Modifying agency YDX
-- BTCTA
-- YDXCP
-- CDX
-- BWX
-- ZAD
-- DLC
050 00 - LIBRARY OF CONGRESS CALL NUMBER
Classification number LB 1051
Item number .Sa262 2011
082 00 - DEWEY DECIMAL CLASSIFICATION NUMBER
Classification number 370.15
100 1# - MAIN ENTRY--PERSONAL NAME
Personal name Santrock, John W.
245 10 - TITLE STATEMENT
Title Educational psychology /
Statement of responsibility, etc John W. Santrock.
250 ## - EDITION STATEMENT
Edition statement 5th edition.
260 ## - PUBLICATION, DISTRIBUTION, ETC. (IMPRINT)
Place of publication, distribution, etc New York :
Name of publisher, distributor, etc McGraw-Hill,
Date of publication, distribution, etc 2011.
300 ## - PHYSICAL DESCRIPTION
Extent xxxviii, 584, [70] p. :
Other physical details color illustrations ;
Dimensions 28 cm.
500 ## - GENERAL NOTE
General note Includes bibliographical references and index.
650 #0 - SUBJECT ADDED ENTRY--TOPICAL TERM
Topical term or geographic name as entry element Educational psychology.
650 #0 - SUBJECT ADDED ENTRY--TOPICAL TERM
Topical term or geographic name as entry element Learning, Psychology of.
650 #0 - SUBJECT ADDED ENTRY--TOPICAL TERM
Topical term or geographic name as entry element Motivation in education.
906 ## - LOCAL DATA ELEMENT F, LDF (RLIN)
a 7
b cbc
c orignew
d 1
e ecip
f 20
g y-gencatlg
942 ## - ADDED ENTRY ELEMENTS (KOHA)
Source of classification or shelving scheme Library of Congress Classification
Koha item type Books
Call number prefix Foreign
Holdings
Withdrawn status Lost status Source of classification or shelving scheme Damaged status Home library Current library Shelving location Date acquired Source of acquisition Total Checkouts Total Renewals Full call number Barcode Date last seen Date checked out Price effective from Koha item type
    Library of Congress Classification   College Library College Library General Circulation Section 01/19/2016 Library Fund 2 26 LB 1051 .Sa262 2011 C20365 05/15/2018 07/21/2017 01/19/2016 Books

Educational psychology /

APA

Santrock J. W., . (2011). Educational psychology. New York: McGraw-Hill.

Chicago

Santrock John W, . 2011. Educational psychology. New York: McGraw-Hill.

Harvard

Santrock J. W., . (2011). Educational psychology. New York: McGraw-Hill.

MLA

Santrock John W, . Educational psychology. New York: McGraw-Hill. 2011.

  • Place hold
  • Print
  • Cite
  • Add to your cart (remove)
  • Save record
    BIBTEX Dublin Core MARCXML MARC (non-Unicode/MARC-8) MARC (Unicode/UTF-8) MARC (Unicode/UTF-8, Standard) MODS (XML) RIS
  • More searches
    Search for this title in:
    Other Libraries (WorldCat) Other Databases (Google Scholar) Online Stores (Bookfinder.com) Open Library (openlibrary.org)

Exporting to Dublin Core...

SOUTHVILLE LIBRARY

Southville International School and Colleges Library

1281 Tropical Ave. Cor. Luxembourg St., BF Homes International, Las Pinas City

Tel. No. 8256374 / 252358 Loc. 117/146

Powered by Koha